WWE Royal Rumble 2017 Entrants Quiz - Statistics

General Stats
  • This quiz has been taken 4,458 times
  • The average score is 21 of 30
Answer Stats
EN Answer EL % Correct
30 Roman Reigns 29
94%
23 Randy Orton W
91%
26 Brock Lesnar 19
86%
12 Dean Ambrose 16
85%
29 The Undertaker 26
85%
21 Bray Wyatt 28
84%
2 Chris Jericho 27
83%
28 Bill Goldberg 23
82%
7 Braun Strowman 9
82%
14 Kofi Kingston 10
75%
17 Big E 12
74%
25 Luke Harper 22
74%
8 Sami Zayn 25
73%
1 Big Cass 3
72%
9 Big Show 6
72%
15 The Miz 24
71%
20 Xavier Woods 11
71%
16 Sheamus 13
69%
24 Dolph Ziggler 17
68%
13 Baron Corbin 21
65%
27 Enzo Amore 18
64%
19 Cesaro 14
63%
6 Mark Henry 5
63%
10 Tye Dillinger 8
57%
3 Kalisto 4
56%
18 Rusev 20
55%
5 Jack Gallagher 1
46%
11 James Ellsworth 7
46%
4 Mojo Rawley 2
41%
22 Apollo Crews 15
38%
No matching quizzes found
Score Distribution
Percent of People with Each Score
Percentile by Number Answered
Your Score History
You have not taken this quiz